| 000 | 00000nam##2200000za#4500 |
| 001 | 9.531222 |
| 003 | CaOODSP |
| 005 | 20210615083048 |
| 007 | ta |
| 008 | 150406|1998||||xxc||||| f|0| 0 eng|d |
| 020 | |a0-662-63777-1 |
| 040 | |aCaOODSP|beng |
| 041 | |aeng |
| 041 | |afre |
| 043 | |an-cn--- |
| 086 | 1 |aC21-27/1-1998-2 |
| 110 | 1 |aCanada. |bIndustry Canada. |
| 245 | 10|aBroad liberalization based on fundamentals : |ba framework for Canadian commercial policy / |cby Randy Wigle. |
| 260 | |aOttawa - Ontario : |bIndustry Canada |c1998. |
| 300 | |aEnglish text, 46p. : |breferences, tables ; |c23 cm. |
| 490 | 1 |aCanada in the XXIst century. I, Scene setting|vNo. 2 |
| 546 | |aBilingual |
| 563 | |aSoftcover |
| 590 | |a99-43|b1999-10-29 |
| 690 | 07|aEconomic policy|2gcpds |
| 690 | 07|aInternational trade|2gcpds |
| 720 | 1 |aWigle, Randy |
| 776 | 0#|tBroad liberalization based on fundamentals : |w(CaOODSP)9.571948 |
| 776 | 0#|tLibéralisation étendue axée sur les aspects fondamentaux : |w(CaOODSP)9.602368 |
| 792 | |tLibéralisation étendue axée sur les aspects fondamentaux : |efre|w(CaOODSP)9.531223 |
| 830 | #0|aCanada in the XXIst century. I, Scene setting ;|vNo. 2|w(CaOODSP)9.509062 |